Normal view MARC view

Entry Topical Term

Number of records used in: 1

001 - CONTROL NUMBER

  • control field: 47602

003 - CONTROL NUMBER IDENTIFIER

  • control field: OSt

005 - DATE AND TIME OF LATEST TRANSACTION

  • control field: 20240911163522.0

008 - FIXED-LENGTH DATA ELEMENTS

  • fixed length control field: 240911|| aca||aabn | a|a d

040 ## - CATALOGING SOURCE

  • Original cataloging agency: OSt
  • Transcribing agency: OSt

150 ## - HEADING--TOPICAL TERM

  • Topical term or geographic name entry element: NRHM, Health, Rural, Panchayats, Karnataka, Politics.

670 ## - SOURCE DATA FOUND

  • Source citation: Work cat.: (OSt): Nanjunda, D.C. 47601, Decentralisation of health service in Karnataka: A study of rural participatory decision making

Powered by Koha